Speeches and documents on the Indian Constitution, 1921-47 / (Record no. 136529)
[ view plain ]
| 000 -LEADER | |
|---|---|
| fixed length control field | 00698nam a22002057a 4500 |
| 010 ## - LIBRARY OF CONGRESS CONTROL NUMBER | |
| LC control number | 124441 |
| 035 ## - SYSTEM CONTROL NUMBER | |
| System control number | 124441 |
| 037 ## - SOURCE OF ACQUISITION | |
| Source of stock number/acquisition | Cen Lib / Ret |
| 040 ## - CATALOGING SOURCE | |
| Original cataloging agency | DPL |
| Language of cataloging | EN |
| 082 ## - DEWEY DECIMAL CLASSIFICATION NUMBER | |
| Classification number | 392.54 |
| Item number | GWY |
| 100 ## - MAIN ENTRY--PERSONAL NAME | |
| Personal name | Gwyer, Maurice |
| 245 ## - TITLE STATEMENT | |
| Title | Speeches and documents on the Indian Constitution, 1921-47 / |
| Statement of responsibility, etc | by Maurice L Gwyer ; A. Appadorai |
| 260 ## - PUBLICATION, DISTRIBUTION, ETC. (IMPRINT) | |
| Place of publication, distribution, etc | Bombay |
| Name of publisher, distributor, etc | Oxford University Press |
| Date of publication, distribution, etc | 1957 |
| 270 ## - ADDRESS | |
| Address | Oxford University Press |
| City | Bombay |
| 300 ## - PHYSICAL DESCRIPTION | |
| Extent | 2 v ; v 2. 435-802p ; |
| Other physical details | 24cm. |
| 650 ## - SUBJECT ADDED ENTRY--TOPICAL TERM | |
| Topical term or geographic name as entry element | India -- Politics and government -- 1919-1947. |
| 650 ## - SUBJECT ADDED ENTRY--TOPICAL TERM | |
| Topical term or geographic name as entry element | Constitutional law -- India. |
| 650 ## - SUBJECT ADDED ENTRY--TOPICAL TERM | |
| Topical term or geographic name as entry element | Inde. (Question). Documents Avant 1947. |
| 942 ## - ADDED ENTRY ELEMENTS (KOHA) | |
| Source of classification or shelving scheme | Dewey Decimal Classification |
| Koha item type | English Books |
| Classification part | 392.54 |
| Call number suffix | GWY |
| Withdrawn status | Lost status | Source of classification or shelving scheme | Materials specified (bound volume or other part) | Damaged status | Not for loan | Home library | Current library | Date acquired | Source of acquisition | Total Checkouts | Full call number | Barcode | Date last seen | Copy number | Price effective from | Koha item type | Public note |
|---|---|---|---|---|---|---|---|---|---|---|---|---|---|---|---|---|---|
| Written off | Dewey Decimal Classification | v 2 | Central Library | Central Library | 04/03/2016 | Cen Lib/Ret | 392.54 GWY | 124441 | 04/03/2016 | 1 | 04/03/2016 | English Books | Written off on approval by DLB (By Circulation); dtd 15-06-2023 |
